000 00521nam a2200181Ia 4500
001 17267
005 20260306170412.0
008 260306t2022||||xx |||||||||||||| ||und||
041 _aESP
082 _a657.61
_bF43B
100 _aFerrer Quea, Alejandro
_eAUT
245 0 _aNormas internacionales de información financiera en tiempos de pandemia:
_bimpacto financiero y tributario del Covid-19
260 _c2022
300 _a830 pƔginas :
_c25 cm.
650 _aGEN
654 _aCCO
942 _cLIB
_dJUS
_fJUS
_2ddc
_n
999 _c17267
_d17267